Hydro politics & water wars in South Asia / (Record no. 591210)
[ view plain ]
| 000 -LEADER | |
|---|---|
| fixed length control field | 01267cam a2200337 a 4500 |
| 001 - CONTROL NUMBER | |
| control field | 16470110 |
| 003 - CONTROL NUMBER IDENTIFIER | |
| control field | NUST |
| 005 - DATE AND TIME OF LATEST TRANSACTION | |
| control field | 20220818122211.0 |
| 008 - FIXED-LENGTH DATA ELEMENTS--GENERAL INFORMATION | |
| fixed length control field | 100922s2010 pk ab bs 001 0 eng |
| 010 ## - LIBRARY OF CONGRESS CONTROL NUMBER | |
| LC control number | 2010348094 |
| 020 ## - INTERNATIONAL STANDARD BOOK NUMBER | |
| International Standard Book Number | 9789694025438 |
| 025 ## - OVERSEAS ACQUISITION NUMBER | |
| Overseas acquisition number | P-E-2010348094; 28 |
| 040 ## - CATALOGING SOURCE | |
| Original cataloging agency | DLC |
| Transcribing agency | DLC |
| Modifying agency | DLC |
| 042 ## - AUTHENTICATION CODE | |
| Authentication code | lcode |
| -- | pcc |
| 043 ## - GEOGRAPHIC AREA CODE | |
| Geographic area code | a-pk--- |
| -- | a-ii--- |
| 050 00 - LIBRARY OF CONGRESS CALL NUMBER | |
| Classification number | HD1698.P3 |
| Item number | S326 2010 |
| 082 ## - DEWEY DECIMAL CLASSIFICATION NUMBER | |
| Classification number | 333.9100954, SID |
| 100 1# - MAIN ENTRY--PERSONAL NAME | |
| Personal name | Siddiqui, Iqtidar H. |
| 9 (RLIN) | 101 |
| 245 10 - TITLE STATEMENT | |
| Title | Hydro politics & water wars in South Asia / |
| Statement of responsibility, etc. | by Iqtidar H. Siddiqui. |
| 246 14 - VARYING FORM OF TITLE | |
| Title proper/short title | Hydro politics and water wars in South Asia |
| 246 30 - VARYING FORM OF TITLE | |
| Title proper/short title | Water wars |
| 260 ## - PUBLICATION, DISTRIBUTION, ETC. | |
| Place of publication, distribution, etc. | Lahore : |
| Name of publisher, distributor, etc. | Vanguard Books, |
| Date of publication, distribution, etc. | c2010. |
| 300 ## - PHYSICAL DESCRIPTION | |
| Extent | xviii, 280 p. : |
| Other physical details | ill., maps ; |
| Dimensions | 22 cm. |
| 505 ## - FORMATTED CONTENTS NOTE | |
| Formatted contents note | Part 1: Pakistan and Its Resources (Page-01), Part 2: Sharing of International Rivers Waters (Page-51), Part 3: Water Management Within Pakistan (Page-113), Part 4: Hydro-Politics (Page-211). |
| 650 #0 - SUBJECT ADDED ENTRY--TOPICAL TERM | |
| Topical term or geographic name entry element | Water-supply |
| Geographic subdivision | Pakistan |
| General subdivision | Management. |
| 9 (RLIN) | 97989 |
| 650 #0 - SUBJECT ADDED ENTRY--TOPICAL TERM | |
| Topical term or geographic name entry element | Water-supply |
| General subdivision | Political aspects |
| Geographic subdivision | Pakistan. |
| 9 (RLIN) | 97990 |
| 650 #0 - SUBJECT ADDED ENTRY--TOPICAL TERM | |
| Topical term or geographic name entry element | Water-supply |
| General subdivision | Political aspects |
| Geographic subdivision | India. |
| 9 (RLIN) | 97991 |
| 906 ## - LOCAL DATA ELEMENT F, LDF (RLIN) | |
| a | 7 |
| b | cbc |
| c | origode |
| d | 3 |
| e | ncip |
| f | 20 |
| g | y-gencatlg |
| 942 ## - ADDED ENTRY ELEMENTS (KOHA) | |
| Source of classification or shelving scheme | |
| Koha item type | Book |
| Withdrawn status | Lost status | Source of classification or shelving scheme | Damaged status | Not for loan | Permanent Location | Current Location | Shelving location | Date acquired | Full call number | Barcode | Date last seen | Price effective from | Koha item type | Public note |
|---|---|---|---|---|---|---|---|---|---|---|---|---|---|---|
| Military College of Signals (MCS) | Military College of Signals (MCS) | General Stacks | 08/18/2022 | 333.9100954, SID | MCS38476 | 08/18/2022 | 08/18/2022 | Book | Almirah Fresh No.44, Shelf No.3 |
